000 00301nam a2200121 4500
082 0 _a409
100 1 _aCrewe, W. J.
245 1 3 _aThe place of sudanese arabic
_bA study in comparative dialectology :
_cW. J. Crewe
260 _aKhartoum
300 _a18 p.
700 1 _aCrewe, W. J.
942 _2ddc
_cBK
999 _c64039
_d64013